Central Library OPAC University of Rajshahi

Autobiography of John Stuart Mill / (Record no. 23787)

MARC details
000 -LEADER
fixed length control field 00794nam a2200229 a 4500
001 - CONTROL NUMBER
control field 23787
003 - CONTROL NUMBER IDENTIFIER
rucl marc code BD-RjUL
005 - DATE AND TIME OF LATEST TRANSACTION
control field 20211209000954.0
008 - FIXED-LENGTH DATA ELEMENTS--GENERAL INFORMATION
fixed length control field 140311r19481924nyu 001 0aeng d
035 ## - SYSTEM CONTROL NUMBER
System control number (BD-RjUL)23852
040 ## - CATALOGING SOURCE
Original cataloging agency NUN
Language of cataloging eng
Transcribing agency NUN
Modifying agency BD-RjUL
041 ## - LANGUAGE CODE
Language code of text/sound track or separate title eng
082 04 - DEWEY DECIMAL CLASSIFICATION NUMBER
Classification number 192
Author mark and year MIA 1948
100 1# - MAIN ENTRY--PERSONAL NAME
Personal name Mill, John Stuart,
Dates associated with a name 1806-1873.
9 (RLIN) 73252
245 10 - TITLE STATEMENT
Title Autobiography of John Stuart Mill /
Statement of responsibility, etc. published from the original manuscript in the Columbia University Library ; with a preface by John Jacob Coss.
260 ## - PUBLICATION, DISTRIBUTION, ETC. (IMPRINT)
Place of publication, distribution, etc. New York :
Name of publisher, distributor, etc. Columbia University Press,
Date of publication, distribution, etc. c194 [Printing 1948].
300 ## - PHYSICAL DESCRIPTION
Pagination vi, 240 p. ;
Size 24 cm.
504 ## - BIBLIOGRAPHY, ETC. NOTE
Bibliography, etc Includes index.
600 10 - SUBJECT ADDED ENTRY--PERSONAL NAME
Personal name Mill, John Stuart,
Dates associated with a name 1806-1873.
650 #0 - SUBJECT ADDED ENTRY--TOPICAL TERM
Topical term or geographic name as entry element Philosophers
Geographic subdivision England
General subdivision Biography.
9 (RLIN) 5643
942 ## - ADDED ENTRY ELEMENTS (KOHA)
Source of classification or shelving scheme Dewey Decimal Classification
Koha item type Books
Holdings
Lost status Source of classification or shelving scheme Damaged status Not for loan Collection code Permanent Location Current Location Shelving location Date acquired Source of acquisition Cost, normal purchase price Total Checkouts Full call number Date last seen Copy number Koha item type
  Dewey Decimal Classification   Added to bundle Non-fiction Central Library, University of Rajshahi Central Library, University of Rajshahi Reading Room 16/06/1955 Allies Books 11.40   192 MIA 1948 11/03/2014 C-1 Books
  Dewey Decimal Classification   Added to bundle Non-fiction Central Library, University of Rajshahi Central Library, University of Rajshahi Reading Room 22/02/1958 U.S.I.S Dhaka Gift     192 MIA 1948 13/03/2014 C-1 Books